Guess the Random MCR Song #1 - Statistics

General Stats
  • This quiz has been taken 12 times
    11 since last reset
  • The average score is 321 of 475
Answer Stats
Answer % Correct
do
100%
I
100%
when
100%
a
89%
an
89%
and
89%
And
89%
don't
89%
Drugs,
89%
drugs
89%
drugs,
89%
gimme
89%
Gimme
89%
I'll
89%
it
89%
Love,
89%
love
89%
love,
89%
me
89%
me,
89%
my
89%
Na,
89%
na
89%
na,
89%
Na
89%
(Na,
89%
na)
89%
na,)
89%
no
89%
now
89%
on
89%
On
89%
The
89%
the
89%
to
89%
To
89%
you
89%
You
89%
your
89%
all)
78%
All
78%
all
78%
be
78%
But
78%
from
78%
From
78%
Give
78%
go
78%
in
78%
(In
78%
is
78%
(Kill
78%
more,
78%
more
78%
More,
78%
more!
78%
some
78%
time
78%
up
78%
us
78%
us?"
78%
what
78%
"What
78%
with
78%
enemy
67%
every
67%
got
67%
It's
67%
Killjoys,
67%
loud
67%
make
67%
Make
67%
need
67%
noise!
67%
or
67%
was
67%
we
67%
aftermath
56%
bullet
56%
bulletproof!
56%
can?
56%
em'
56%
Fuck
56%
future
56%
gas,
56%
gas
56%
heart
56%
I'd
56%
like
56%
Like
56%
"Oh
56%
out
56%
secondary
56%
sell
56%
Shut
56%
sing
56%
Take
56%
take
56%
this
56%
V
56%
wall
56%
Wanna
56%
wanna
56%
want
56%
We're
56%
were
56%
box)
44%
City
44%
crawl,
44%
crawl
44%
detonator
44%
die
44%
Eight
44%
floor
44%
formation
44%
here
44%
Hit
44%
hit
44%
Kiss
44%
legs
44%
let
44%
Let
44%
man"
44%
man
44%
save
44%
security
44%
see
44%
tell
44%
Than
44%
young
44%
animal!
33%
bag,
33%
Batman
33%
blow
33%
burn,
33%
cash
33%
Cut
33%
death
33%
detonation
33%
fucking
33%
hell
33%
information
33%
keep
33%
Keep
33%
mall
33%
one,
33%
one
33%
property
33%
Put
33%
right
33%
Right
33%
run
33%
sad
33%
sky
33%
Standing
33%
think
33%
Thought
33%
try,
33%
try
33%
will
33%
"X"
33%
apology
22%
artery
22%
Ask
22%
'bout
22%
Burning
22%
daggers
22%
Drop
22%
Eat
22%
Everybody
22%
garbage
22%
hair
22%
hands
22%
Kennedy
22%
Let's
22%
little
22%
loaded
22%
mad
22%
neon
22%
open
22%
opened
22%
party
22%
plastic
22%
Pull
22%
rather
22%
shell
22%
surgery
22%
victory
22%
way
22%
we'd
22%
angels
11%
authority
11%
Battery
11%
bore
11%
cell
11%
change
11%
children
11%
company
11%
Crash
11%
explode
11%
filthy
11%
Gag
11%
halls
11%
heaven
11%
jazz
11%
juvie
11%
made
11%
palms
11%
pin
11%
purgatory
11%
Raise
11%
rats
11%
Remember
11%
Ritalin
11%
Scream
11%
sleeper
11%
tiny
11%
wants
11%
world
11%
Drss
0%
thier
0%
No matching quizzes found
Score Distribution
Percent of People with Each Score
Percentile by Number Answered
Your Score History
You have not taken this quiz since the last reset